La marcha sobre Barcelona / (Record no. 115672)

MARC details
000 -LEADER
campo de control de longitud fija 00664nam a2200193 i 4500
001 - NÚMERO DE CONTROL
campo de control 115672
003 - IDENTIFICADOR DE NÚMERO DE CONTROL
campo de control ES-MaACL
005 - FECHA Y HORA DE LA ÚLTIMA TRANSACCIÓN
campo de control 20230906190529.0
007 - CAMPO FIJO DE DESCRIPCIÓN FÍSICA--INFORMACIÓN GENERAL
campo de control de longitud fija t|
008 - DATOS DE LONGITUD FIJA--INFORMACIÓN GENERAL
campo de control de longitud fija 070425s1939 sp ||||1| spa d
100 0# - ENTRADA PRINCIPAL--NOMBRE DE PERSONA
Nombre de persona Torre Enciso, Cipriano.
9 (RLIN) 110772
245 13 - MENCIÓN DEL TÍTULO
Título La marcha sobre Barcelona /
Mención de responsabilidad, etc. C. Torre Enciso y D. Muro Zegri.
260 ## - PUBLICACIÓN, DISTRIBUCIÓN, ETC.
Lugar de publicación, distribución, etc. [S.l.] :
Nombre del editor, distribuidor, etc. Editora Nacional,
Fecha de publicación, distribución, etc. [1939] (
Lugar de fabricación/manufactura Barcelona :
Fabricante Imp. Sabadell)
300 ## - DESCRIPCIÓN FÍSICA
Extensión 276 p., [1] map. pleg. ;
Dimensiones 22 cm.
651 #4 - PUNTO DE ACCESO ADICIONAL DE MATERIA--NOMBRE GEOGRÁFICO
Nombre geográfico España-
Subdivisión general Historia-
Subdivisión cronológica 1936-1939, Guerra civil-
Subdivisión general Campañas.
9 (RLIN) 8298
651 #4 - PUNTO DE ACCESO ADICIONAL DE MATERIA--NOMBRE GEOGRÁFICO
Nombre geográfico Cataluña-
Subdivisión general Historia-
Subdivisión cronológica 1936-1939.
9 (RLIN) 8015
700 1# - ENTRADA AGREGADA--NOMBRE PERSONAL
Nombre de persona Muro Zegri, D.
9 (RLIN) 84618
852 ## - LOCALIZACIÓN
Ubicación ES-MaACL
Número de control de estantería A-4782
Holdings
Estatus retirado Estado de pérdida Estado de daño No para préstamo Biblioteca de origen Biblioteca actual Ubicación en estantería Fecha de adquisición Fuente de adquisición Total de préstamos Signatura topográfica completa Código de barras Visto por última vez Precio de reemplazo Tipo de ítem Koha
        Biblioteca del Ateneo de Madrid Biblioteca del Ateneo de Madrid Sala Pecera Planta 1 17/01/2008     A-4782 1120628 23/02/2023 23/02/2023 Libro impreso